[Event "XXVIII Festival Conca della Presolana A"]
[Site "Bratto - Castione della Presolana ITA"]
[Date "2008.08.28"]
[Round "7"]
[White "Cordara, Michele"]
[Black "De Santis, Alessio"]
[Result "1/2-1/2"]
[WhiteElo "2146"]
[BlackElo "2295"]
[PlyCount "83"]
[EventDate "2008.08.22"]

1. Nf3 b6 2. e4 Bb7 3. Nc3 g6 4. g3 Bg7 5. Bg2 d6 6. d3 Nd7 7. Be3 e6 8. Qd2 h6
9. O-O Ne7 10. Rad1 a6 11. Ne2 c5 12. c3 Qc7 13. Ne1 h5 14. h3 h4 15. g4 f5 16.
exf5 gxf5 17. g5 e5 18. f4 O-O-O 19. b4 e4 20. dxe4 fxe4 21. f5 Be5 22. Nf4
Bxf4 23. Bxf4 Nxf5 24. Bxd6 Nxd6 25. Qxd6 Qxd6 26. Rxd6 Kc7 27. bxc5 Rhg8 28.
Rh6 Rxg5 29. cxb6+ Nxb6 30. Rf7+ Rd7 31. Rxd7+ Nxd7 32. Rxh4 Kd6 33. Rg4 Rxg4
34. hxg4 Ke5 35. Kf2 Kf4 36. Nc2 Ne5 37. Ne3 Nd3+ 38. Ke2 Nc1+ 39. Kd2 Nxa2 40.
Bf1 Nxc3 41. Ng2+ Kxg4 42. Kxc3 1/2-1/2

[Event "XXVIII Festival Conca della Presolana A"]
[Site "Bratto - Castione della Presolana ITA"]
[Date "2008.08.28"]
[Round "7"]
[White "Damia, Angelo"]
[Black "De Filomeno, Simone"]
[Result "1-0"]
[WhiteElo "2247"]
[BlackElo "2102"]
[PlyCount "75"]
[EventDate "2008.08.22"]

1. d4 Nf6 2. Bg5 Ne4 3. Bf4 c5 4. f3 Qa5+ 5. c3 Nf6 6. d5 d6 7. e4 g6 8. Qd2
Bg7 9. Na3 O-O 10. Nc4 Qc7 11. g4 b5 12. Ne3 c4 13. Ne2 Na6 14. Nd4 Bd7 15. a4
bxa4 16. b4 axb3 17. Rxa6 Nxe4 18. fxe4 Bxd4 19. Bh6 Bxe3 20. Bxe3 Bxg4 21. Ra4
Bf3 22. Rxc4 Qa5 23. Rg1 f5 24. exf5 Rxf5 25. Bh3 Qa1+ 26. Kf2 Bg4+ 27. Kg3 b2
28. Rxa1 bxa1=Q 29. Bxg4 Qf1 30. Bxf5 Qxf5 31. Rf4 Qe5 32. Qd4 Rc8 33. Qxe5
dxe5 34. Ra4 Rxc3 35. Kf3 Kf7 36. Ke4 Rc2 37. Rxa7 Rxh2 38. d6 1-0

[Event "XXVIII Festival Conca della Presolana A"]
[Site "Bratto - Castione della Presolana ITA"]
[Date "2008.08.28"]
[Round "7"]
[White "David, Alberto"]
[Black "Lanzani, Mario"]
[Result "1-0"]
[WhiteElo "2568"]
[BlackElo "2349"]
[PlyCount "74"]
[EventDate "2008.08.22"]

1. d4 Nf6 2. c4 g6 3. Nc3 d5 4. cxd5 Nxd5 5. Bd2 Bg7 6. e4 Nb6 7. Be3 O-O 8.
Bb5 Nc6 9. Nge2 f5 10. e5 Kh8 11. h4 Nd5 12. Bxc6 bxc6 13. Nxd5 Qxd5 14. Nf4
Qe4 15. Qd2 c5 16. f3 Qb7 17. dxc5 Rb8 18. b3 Qc6 19. O-O Bxe5 20. Bd4 Qf6 21.
Bxe5 Qxe5 22. Rac1 Qf6 23. Nd5 Qxh4 24. Rc4 f4 25. Re4 e6 26. Qd4+ Kg8 27. Nxc7
Qe7 28. Qd6 Qxd6 29. cxd6 Rd8 30. Nxe6 Rxd6 31. Nxf4 Bf5 32. Re7 Rd7 33. Rxd7
Bxd7 34. Rd1 Bb5 35. Rd5 Kf7 36. Rc5 Rb7 37. Nd5 Ke6 1-0

[Event "XXVIII Festival Conca della Presolana A"]
[Site "Bratto - Castione della Presolana ITA"]
[Date "2008.08.28"]
[Round "7"]
[White "De Haan, Eric"]
[Black "Jaracz, Pawel"]
[Result "0-1"]
[WhiteElo "2356"]
[BlackElo "2501"]
[PlyCount "120"]
[EventDate "2008.08.22"]

1. d4 Nf6 2. c4 e6 3. Nf3 b6 4. a3 Ba6 5. Qc2 Bb7 6. Nc3 c5 7. e4 cxd4 8. Nxd4
Bc5 9. Nb3 Nc6 10. Bg5 Nd4 11. Nxd4 Bxd4 12. Bd3 Qb8 13. Ne2 Bc5 14. h3 O-O 15.
O-O Qc7 16. b4 Be7 17. Bf4 d6 18. Nc3 a6 19. Rac1 Nd7 20. Qb3 Rac8 21. Be2 Bf6
22. f3 Bd4+ 23. Kh1 Nf6 24. Rfd1 Nh5 25. Bh2 e5 26. Nd5 Bxd5 27. exd5 Qe7 28.
f4 Nxf4 29. Bxf4 exf4 30. Rxd4 Qxe2 31. Rxf4 Rfe8 32. Qf3 f6 33. Qxe2 Rxe2 34.
Rf3 Kf7 35. Kg1 Rd2 36. Rfc3 b5 37. a4 bxc4 38. Rxc4 Rxc4 39. Rxc4 Rxd5 40. Rc6
a5 41. b5 Rd4 42. Ra6 Rxa4 43. Rxd6 Rb4 44. b6 Ke7 45. Rd5 a4 46. Ra5 Kd6 47.
Ra7 Kc6 48. Rxg7 Rxb6 49. Rxh7 Ra6 50. Re7 a3 51. Re1 Kd5 52. Kf2 Kc4 53. Kf3
a2 54. Ra1 Kb3 55. Kf4 Kb2 56. Rxa2+ Rxa2 57. Kf5 Kc3 58. g4 Rf2+ 59. Kg6 Kd4
60. h4 Ke5 0-1

[Event "XXVIII Festival Conca della Presolana A"]
[Site "Bratto - Castione della Presolana ITA"]
[Date "2008.08.28"]
[Round "7"]
[White "De Nardi, Riccardo"]
[Black "Scotti, Umberto"]
[Result "0-1"]
[WhiteElo "1982"]
[BlackElo "2172"]
[PlyCount "58"]
[EventDate "2008.08.22"]

1. e4 e6 2. Qe2 c5 3. Nf3 Nc6 4. g3 d6 5. Bg2 Nf6 6. O-O Be7 7. d3 O-O 8. Nbd2
Qc7 9. c3 b5 10. d4 Rb8 11. e5 Nd5 12. Re1 cxd4 13. cxd4 Bd7 14. Nf1 Rfc8 15.
Qe4 Ncb4 16. Bg5 Qc2 17. Qh4 Nd3 18. g4 Nxe1 19. Rxe1 Bf8 20. N3d2 h6 21. Be4
Qc7 22. Ng3 Bc6 23. Bxh6 gxh6 24. g5 Qe7 25. f4 Nxf4 26. Qxf4 Qxg5 27. Qf2 dxe5
28. Bxc6 Rxc6 29. Rxe5 Qxe5 0-1

[Event "XXVIII Festival Conca della Presolana A"]
[Site "Bratto - Castione della Presolana ITA"]
[Date "2008.08.28"]
[Round "7"]
[White "Drazic, Sinisa"]
[Black "Vocaturo, Daniele"]
[Result "1-0"]
[WhiteElo "2505"]
[BlackElo "2417"]
[PlyCount "137"]
[EventDate "2008.08.22"]

1. Nf3 Nf6 2. g3 g6 3. b3 Bg7 4. Bb2 O-O 5. Bg2 d6 6. d4 c5 7. c4 Ne4 8. O-O
Nc6 9. e3 f5 10. Nc3 e6 11. Qd3 d5 12. cxd5 exd5 13. Rac1 Nb4 14. Qb1 cxd4 15.
exd4 Bh6 16. Rcd1 Bd7 17. a3 Rc8 18. Nxe4 fxe4 19. Ne5 Nc6 20. b4 Ne7 21. Bc1
Bxc1 22. Rxc1 Bb5 23. Rxc8 Qxc8 24. Rc1 Qf5 25. f3 Nc6 26. fxe4 Qf2+ 27. Kh1
Nxd4 28. Ng4 Qe2 29. Qa1 Qxg4 30. Qxd4 Bc6 31. b5 Qg5 32. Rc5 Be8 33. Qxd5+
Qxd5 34. exd5 b6 35. Rc6 Rf2 36. Rc8 Kf7 37. a4 Ra2 38. Bh3 Rxa4 39. d6 Bxb5
40. d7 Ra1+ 41. Kg2 Ra2+ 42. Kf3 Bxd7 43. Rc7 Rxh2 44. Rxd7+ Kf6 45. Bg2 Rh5
46. g4 Ra5 47. Rxh7 Kg5 48. Kg3 Ra3+ 49. Bf3 a5 50. Rd7 Rb3 51. Rd5+ Kf6 52.
Rd6+ Kg5 53. Rd4 b5 54. Rd5+ Kf6 55. Rc5 a4 56. g5+ Ke7 57. Rc6 Rb1 58. Ra6 Ra1
59. Bc6 a3 60. Bd5 b4 61. Kf4 Rf1+ 62. Ke4 Rf5 63. Re6+ Kd7 64. Rxg6 Rxd5 65.
Kxd5 b3 66. Rg7+ Ke8 67. Ke6 Kd8 68. g6 Kc8 69. Rd7 1-0

[Event "XXVIII Festival Conca della Presolana A"]
[Site "Bratto - Castione della Presolana ITA"]
[Date "2008.08.28"]
[Round "7"]
[White "Efimov, Igor"]
[Black "Manfredi, Vincenzo"]
[Result "1-0"]
[WhiteElo "2458"]
[BlackElo "2204"]
[PlyCount "59"]
[EventDate "2008.08.22"]

1. d4 Nf6 2. Nf3 g6 3. g3 Bg7 4. Bg2 O-O 5. O-O d6 6. Re1 Nbd7 7. e4 e5 8. Nc3
c6 9. a4 exd4 10. Nxd4 a5 11. b3 Re8 12. Ba3 Qb6 13. Qd2 Nc5 14. Bb2 Bd7 15. h3
Rad8 16. Rad1 Bc8 17. Ba1 Rd7 18. Re2 Rde7 19. Rde1 Qc7 20. Kh2 h5 21. f4 Bh6
22. Ndb5 cxb5 23. Nxb5 Qb8 24. Bxf6 Re6 25. Bb2 h4 26. g4 d5 27. e5 Ne4 28.
Bxe4 Rxe5 29. Bxe5 Rxe5 30. Bg2 1-0

[Event "XXVIII Festival Conca della Presolana A"]
[Site "Bratto - Castione della Presolana ITA"]
[Date "2008.08.28"]
[Round "7"]
[White "Fierro Baquero, Martha Lorena"]
[Black "Klip, Hans"]
[Result "1/2-1/2"]
[WhiteElo "2379"]
[BlackElo "2390"]
[PlyCount "29"]
[EventDate "2008.08.22"]

1. e4 e5 2. Nf3 Nc6 3. Bb5 Nf6 4. O-O Bc5 5. Nxe5 Nxe5 6. d4 a6 7. Be2 Nxe4 8.
dxc5 Nc6 9. Be3 O-O 10. Bd3 d5 11. cxd6 Nxd6 12. Qh5 g6 13. Qc5 Re8 14. Bg5 f6
15. Bf4 1/2-1/2

[Event "XXVIII Festival Conca della Presolana A"]
[Site "Bratto - Castione della Presolana ITA"]
[Date "2008.08.28"]
[Round "7"]
[White "Finocchiaro, Gianluca"]
[Black "Cugini, Verter"]
[Result "1-0"]
[WhiteElo "2021"]
[BlackElo "2167"]
[PlyCount "33"]
[EventDate "2008.08.22"]

1. d4 d6 2. e4 Nf6 3. Nc3 g6 4. f4 Bg7 5. Nf3 O-O 6. e5 Nfd7 7. h4 c5 8. h5
cxd4 9. hxg6 dxc3 10. Rxh7 Nb6 11. Ng5 Bf5 12. gxf7+ Rxf7 13. Qh5 Qf8 14. g4
Bxc2 15. f5 Bxf5 16. gxf5 cxb2 17. Bxb2 1-0

[Event "XXVIII Festival Conca della Presolana A"]
[Site "Bratto - Castione della Presolana ITA"]
[Date "2008.08.28"]
[Round "7"]
[White "Garano, Nicola"]
[Black "Bruno, Fabio"]
[Result "0-1"]
[WhiteElo "2265"]
[BlackElo "2453"]
[PlyCount "54"]
[EventDate "2008.08.22"]

1. e4 c5 2. Nf3 e6 3. d4 cxd4 4. Nxd4 a6 5. Nc3 Qc7 6. g3 b5 7. Bg2 Bb7 8. O-O
d6 9. f4 Nf6 10. a3 Nbd7 11. Qe2 Rc8 12. Be3 Be7 13. g4 Nb6 14. g5 Nfd7 15. f5
e5 16. Ne6 fxe6 17. Qh5+ Kd8 18. fxe6 Nf8 19. Qf7 Nc4 20. Qxg7 Ng6 21. Bc1 d5
22. Rf7 Nd6 23. exd5 Nf5 24. d6 Qb6+ 25. Kh1 Bxg2+ 26. Kxg2 Qc6+ 27. Kg1 Nxg7
0-1

[Event "XXVIII Festival Conca della Presolana A"]
[Site "Bratto - Castione della Presolana ITA"]
[Date "2008.08.28"]
[Round "7"]
[White "Guido, Flavio"]
[Black "Burlando, Alessandro"]
[Result "1-0"]
[WhiteElo "2356"]
[BlackElo "2161"]
[PlyCount "75"]
[EventDate "2008.08.22"]

1. e4 e6 2. d3 c5 3. Nf3 Nc6 4. g3 g6 5. Bg2 Bg7 6. O-O Nge7 7. Re1 d6 8. c3
O-O 9. a3 e5 10. b4 Bg4 11. h3 Be6 12. Nbd2 f6 13. Bb2 Qd7 14. Kh2 Rfd8 15. Qe2
Rac8 16. Rad1 b6 17. Ba1 cxb4 18. cxb4 d5 19. d4 exd4 20. b5 Ne5 21. Nxd4 dxe4
22. Nxe6 Qxe6 23. Nxe4 Rxd1 24. Rxd1 f5 25. Ng5 Qc4 26. Qxc4+ Nxc4 27. Bxg7
Kxg7 28. Rd7 Kf6 29. Nxh7+ Ke6 30. Rxa7 Nd6 31. a4 Rc2 32. Nf8+ Kf7 33. Nxg6
Kxg6 34. Rxe7 Kf6 35. Ra7 Rxf2 36. Ra6 Nc4 37. Kg1 Rd2 38. Bf1 1-0

[Event "XXVIII Festival Conca della Presolana A"]
[Site "Bratto - Castione della Presolana ITA"]
[Date "2008.08.28"]
[Round "7"]
[White "Gutierrez Castillo, Paloma"]
[Black "Scalcione, Michelangelo"]
[Result "0-1"]
[WhiteElo "2157"]
[BlackElo "2398"]
[PlyCount "82"]
[EventDate "2008.08.22"]

1. e4 d6 2. d4 Nf6 3. Nc3 e5 4. dxe5 dxe5 5. Qxd8+ Kxd8 6. Bc4 Be6 7. Bxe6 fxe6
8. Be3 Bd6 9. f3 Ke7 10. Nb5 a6 11. Nxd6 cxd6 12. c4 Rc8 13. b3 b5 14. Rc1 bxc4
15. bxc4 Nbd7 16. Ne2 Rab8 17. Kf2 Rb2 18. g4 Rxa2 19. Ra1 Nxe4+ 20. fxe4 Rf8+
21. Kg3 Rxe2 22. Bg5+ Kf7 23. Rxa6 Kg6 24. Kh4 h6 25. Bc1 Rf3 26. Rxd6 Nf6 27.
Rxe6 Rxe4 28. h3 Kf7 29. Rc6 Rd4 30. Rc7+ Kg8 31. Rc8+ Kh7 32. Rc7 Nd7 33. c5
Rdd3 34. c6 Nf8 35. g5 Kg6 36. Rxg7+ Kxg7 37. c7 Rc3 38. Bb2 Ng6+ 39. Kh5 Rf5
40. h4 Rc4 41. Bxe5+ Rxe5 0-1

[Event "XXVIII Festival Conca della Presolana A"]
[Site "Bratto - Castione della Presolana ITA"]
[Date "2008.08.28"]
[Round "7"]
[White "Lampl, Gerald"]
[Black "Tjiam, Dharma"]
[Result "0-1"]
[WhiteElo "2155"]
[BlackElo "2372"]
[PlyCount "68"]
[EventDate "2008.08.22"]

1. d4 Nf6 2. c4 e6 3. Nf3 Bb4+ 4. Bd2 a5 5. g3 b6 6. Bg2 Bb7 7. O-O O-O 8. Ne5
Bxg2 9. Kxg2 Be7 10. Nc3 d6 11. Nd3 d5 12. cxd5 exd5 13. Bg5 h6 14. Bxf6 Bxf6
15. e3 c6 16. Rc1 Nd7 17. Qf3 Re8 18. Rc2 Ra7 19. Rfc1 Nb8 20. Nf4 Rd7 21. Qg4
Be7 22. Na4 Rd6 23. Nd3 Rg6 24. Qh5 Bd6 25. a3 Qe7 26. Qd1 h5 27. Nc3 h4 28.
Nf4 Rh6 29. Qf3 Qd7 30. Nce2 Kh8 31. g4 h3+ 32. Kf1 Rh4 33. g5 Qf5 34. Ng3 Qxg5
0-1

[Event "XXVIII Festival Conca della Presolana A"]
[Site "Bratto - Castione della Presolana ITA"]
[Date "2008.08.28"]
[Round "7"]
[White "Leburgue, Sylvain"]
[Black "Borgo, Giulio"]
[Result "0-1"]
[WhiteElo "2168"]
[BlackElo "2442"]
[PlyCount "66"]
[EventDate "2008.08.22"]

1. e4 e6 2. d4 d5 3. Nc3 Nc6 4. e5 Bd7 5. Be3 Na5 6. Nf3 b6 7. Bd3 c5 8. O-O h6
9. Re1 a6 10. Bf1 Qc7 11. Ne2 Ne7 12. Ng3 Bb5 13. Ne2 Nf5 14. Bc1 Be7 15. a4
Bd7 16. b3 O-O 17. Bb2 Rfc8 18. Rc1 Be8 19. Ng3 Nxg3 20. hxg3 c4 21. Bc3 Nb7
22. bxc4 Bxa4 23. Ba1 Ba3 24. Rb1 Na5 25. Nd2 Nxc4 26. Nxc4 dxc4 27. d5 exd5
28. e6 fxe6 29. Rxe6 Qf7 30. Qe2 Re8 31. Rbxb6 Bc5 32. Rxa6 Rxa6 33. Rxe8+ Bxe8
0-1

[Event "XXVIII Festival Conca della Presolana A"]
[Site "Bratto - Castione della Presolana ITA"]
[Date "2008.08.28"]
[Round "7"]
[White "Madiai, Federico"]
[Black "Nardelli, Marco"]
[Result "1-0"]
[WhiteElo "2066"]
[BlackElo "2113"]
[PlyCount "97"]
[EventDate "2008.08.22"]

1. Nf3 Nf6 2. d4 g6 3. g3 Bg7 4. Bg2 O-O 5. O-O d6 6. c4 Nc6 7. Nc3 a6 8. h3
Rb8 9. Qc2 Bd7 10. Rd1 b5 11. c5 Qc8 12. Kh2 Nb4 13. Qb3 dxc5 14. dxc5 a5 15.
Ne1 Be6 16. Qa3 Qa6 17. Bf4 Qa7 18. Rac1 Nh5 19. Be3 c6 20. Ne4 h6 21. b3 Nd5
22. Bd4 f5 23. Bxg7 Nxg7 24. Nd2 b4 25. Qb2 Nc3 26. Rxc3 bxc3 27. Qxc3 a4 28.
Nd3 axb3 29. axb3 Bf7 30. Bxc6 Qa6 31. Bg2 e5 32. Ra1 Qb5 33. Ra5 Qe8 34. Nxe5
f4 35. gxf4 Bxb3 36. Nxb3 Rxf4 37. Ra7 Rxf2 38. Ng4 Rxg2+ 39. Kxg2 Qxe2+ 40.
Nf2 Nf5 41. Kg1 Re8 42. Rd7 Re3 43. Rd3 Ng3 44. Qc4+ Re6 45. Rd8+ Kf7 46. Qf4+
Nf5 47. Nd4 Qe1+ 48. Kg2 Re5 49. Nf3 1-0

[Event "XXVIII Festival Conca della Presolana A"]
[Site "Bratto - Castione della Presolana ITA"]
[Date "2008.08.28"]
[Round "7"]
[White "Manca, Federico"]
[Black "Sax, Gyula"]
[Result "1/2-1/2"]
[WhiteElo "2367"]
[BlackElo "2506"]
[PlyCount "70"]
[EventDate "2008.08.22"]

1. e4 c5 2. c3 d5 3. exd5 Qxd5 4. d4 Nf6 5. Nf3 e6 6. Be3 cxd4 7. cxd4 Bb4+ 8.
Nc3 O-O 9. Be2 Bd7 10. O-O Bxc3 11. bxc3 Bb5 12. Bxb5 Qxb5 13. Ne5 Nc6 14. Rb1
Qa6 15. Qb3 Na5 16. Qa3 Rac8 17. Rfc1 Ne4 18. c4 f6 19. Nd7 Rf7 20. Nc5 Nxc5
21. dxc5 Rd7 22. Rb4 Rcd8 23. h3 Rd3 24. Qb2 Rd1+ 25. Rxd1 Rxd1+ 26. Kh2 Qc6
27. Qc2 Rd7 28. Rb5 Qc7+ 29. g3 Nc6 30. Bf4 e5 31. Be3 g6 32. Qe2 f5 33. Qf3 f4
34. gxf4 Rf7 35. f5 35... gxf5 {...} 1/2-1/2

[Event "XXVIII Festival Conca della Presolana A"]
[Site "Bratto - Castione della Presolana ITA"]
[Date "2008.08.28"]
[Round "7"]
[White "Martinez, Rolly"]
[Black "Vancini, Edoardo"]
[Result "0-1"]
[WhiteElo "2441"]
[BlackElo "2273"]
[PlyCount "76"]
[EventDate "2008.08.22"]

1. e4 c5 2. Nf3 e6 3. d4 cxd4 4. Nxd4 Nc6 5. Nc3 Qc7 6. g3 a6 7. Bg2 d6 8. O-O
Bd7 9. Re1 Be7 10. Nxc6 Bxc6 11. a4 Nf6 12. a5 O-O 13. Be3 Nd7 14. Na4 Nc5 15.
Nb6 Rae8 16. Bd4 f5 17. Bxc5 dxc5 18. exf5 Bd8 19. Bxc6 Qxc6 20. Nd7 Rxf5 21.
Ne5 Qb5 22. Qe2 Bc7 23. Nc4 Qd7 24. Rad1 Qe7 25. Rd2 Qf6 26. Qe4 Qg5 27. Qxb7
Re7 28. Qxa6 h5 29. Rxe6 h4 30. Rxe7 hxg3 31. Qa8+ Kh7 32. hxg3 Qxe7 33. Qc8
Qe1+ 34. Kg2 Qe4+ 35. Kg1 Rh5 36. f4 Rh1+ 37. Kf2 Rh2+ 38. Kf1 Qh1# 0-1

[Event "XXVIII Festival Conca della Presolana A"]
[Site "Bratto - Castione della Presolana ITA"]
[Date "2008.08.28"]
[Round "7"]
[White "Matamoros Franco, Carlos S."]
[Black "Epishin, Vladimir V."]
[Result "1/2-1/2"]
[WhiteElo "2508"]
[BlackElo "2574"]
[PlyCount "33"]
[EventDate "2008.08.22"]

1. Nf3 Nf6 2. c4 c6 3. g3 d5 4. Bg2 Nbd7 5. d4 e6 6. O-O Be7 7. Qc2 O-O 8. Nbd2
b6 9. e4 Bb7 10. e5 Ne8 11. cxd5 cxd5 12. Re1 Qc7 13. Qd1 Rc8 14. Nf1 Qc2 15.
Qxc2 Rxc2 16. Ne3 Rc6 17. Bd2 1/2-1/2

[Event "XXVIII Festival Conca della Presolana A"]
[Site "Bratto - Castione della Presolana ITA"]
[Date "2008.08.28"]
[Round "7"]
[White "Mazzariol, Oscar"]
[Black "Pascucci, Marco"]
[Result "1/2-1/2"]
[WhiteElo "2080"]
[BlackElo "2009"]
[PlyCount "60"]
[EventDate "2008.08.22"]

1. d4 c5 2. d5 Nf6 3. c4 b5 4. cxb5 a6 5. f3 axb5 6. e4 Qa5+ 7. Bd2 b4 8. Na3
d6 9. Nc4 Qc7 10. a3 bxa3 11. Rxa3 Rxa3 12. bxa3 g6 13. Bc3 Bg7 14. Qa1 O-O 15.
a4 Na6 16. Qb1 e6 17. Qb2 exd5 18. exd5 Re8+ 19. Kf2 Qe7 20. Qd2 Nb4 21. Nb6
Bf5 22. Bb5 Rb8 23. Bxb4 cxb4 24. Nc4 Bd7 25. Qxb4 Nxd5 26. Qxd6 Bd4+ 27. Kf1
Ne3+ 28. Ke2 Qxd6 29. Nxd6 Bxb5+ 30. Nxb5 Bb6 1/2-1/2

[Event "XXVIII Festival Conca della Presolana A"]
[Site "Bratto - Castione della Presolana ITA"]
[Date "2008.08.28"]
[Round "7"]
[White "Mogranzini, Roberto"]
[Black "Lucaroni, Massimiliano"]
[Result "0-1"]
[WhiteElo "2423"]
[BlackElo "2289"]
[PlyCount "56"]
[EventDate "2008.08.22"]

1. e4 e5 2. Nf3 Nc6 3. Bb5 a6 4. Ba4 Nf6 5. d3 d6 6. c3 g6 7. Nbd2 Bg7 8. Nf1
O-O 9. Bg5 b5 10. Bb3 Qd7 11. Ne3 Nd8 12. a4 Bb7 13. axb5 axb5 14. Rxa8 Bxa8
15. O-O Ne6 16. Bh4 Nh5 17. Nd5 Kh8 18. d4 f5 19. exf5 Rxf5 20. dxe5 Nef4 21.
e6 Nxe6 22. Re1 Nef4 23. Nxf4 Nxf4 24. Re7 Qc8 25. Bf7 Nxg2 26. Qe2 Bc6 27.
Kxg2 Bxf3+ 28. Qxf3 Rxf3 0-1

[Event "XXVIII Festival Conca della Presolana A"]
[Site "Bratto - Castione della Presolana ITA"]
[Date "2008.08.28"]
[Round "7"]
[White "Narayanan, Srinath"]
[Black "Simutowe, Amon"]
[Result "0-1"]
[WhiteElo "2220"]
[BlackElo "2458"]
[PlyCount "106"]
[EventDate "2008.08.22"]

1. e4 c5 2. Nf3 a6 3. Nc3 e6 4. d4 cxd4 5. Nxd4 Qc7 6. Bd3 Nf6 7. f4 Bb4 8. Bd2
Bxc3 9. bxc3 d6 10. Qe2 e5 11. Nf3 O-O 12. c4 exf4 13. Bxf4 Re8 14. O-O Bg4 15.
Qf2 Nbd7 16. Bg5 Be6 17. Nd4 Ng4 18. Nxe6 fxe6 19. Qd4 Qc5 20. Qxc5 Nxc5 21.
Rab1 h6 22. Bh4 Rac8 23. Rb6 Rc6 24. Rxc6 bxc6 25. Rb1 Kf7 26. Rf1+ Kg8 27. Rb1
Kf7 28. Rf1+ Nf6 29. Be2 Rb8 30. Bf3 e5 31. Bf2 Rb2 32. Bxc5 dxc5 33. Rd1 Ke7
34. Rd3 Rxa2 35. Rb3 Rxc2 36. Rb7+ Kf8 37. Rb8+ Kf7 38. Rb7+ Kg8 39. Rb8+ Kh7
40. Rb6 Rxc4 41. Rxc6 a5 42. Be2 Rc1+ 43. Kf2 Nxe4+ 44. Ke3 Nf6 45. Ra6 Rc3+
46. Kd2 Ra3 47. Bd3+ e4 48. Bc2 Ra1 49. Ke2 Ra2 50. Kd2 Nd5 51. Rxa5 Rxa5 52.
Bxe4+ g6 53. Bxd5 Ra4 0-1

[Event "XXVIII Festival Conca della Presolana A"]
[Site "Bratto - Castione della Presolana ITA"]
[Date "2008.08.28"]
[Round "7"]
[White "Oppici, Gabriele"]
[Black "Vignoli, Matteo"]
[Result "1-0"]
[WhiteElo "2055"]
[BlackElo "1992"]
[PlyCount "35"]
[EventDate "2008.08.22"]

1. Nc3 e5 2. Nf3 Nc6 3. d4 exd4 4. Nxd4 Bb4 5. Qd3 Qf6 6. Ndb5 Ba5 7. Qg3 d6 8.
Bg5 Qg6 9. O-O-O a6 10. Nxd6+ cxd6 11. Rxd6 f6 12. Qe3+ Nge7 13. Bf4 Bc7 14.
Rxc6 Bxf4 15. Rxc8+ Rxc8 16. Qxf4 O-O 17. e3 Nd5 18. Bc4 1-0

[Event "XXVIII Festival Conca della Presolana A"]
[Site "Bratto - Castione della Presolana ITA"]
[Date "2008.08.28"]
[Round "7"]
[White "Osuna Munoz, Xavier"]
[Black "Zilahi, Gabor"]
[Result "0-1"]
[WhiteElo "2093"]
[BlackElo "2013"]
[PlyCount "76"]
[EventDate "2008.08.22"]

1. e4 g6 2. d4 Bg7 3. Nc3 a6 4. Be3 d6 5. Nf3 Nd7 6. Be2 h6 7. h3 e6 8. Qd2 b6
9. O-O Bb7 10. Rad1 Ne7 11. b4 Nf6 12. Bd3 g5 13. Nh2 d5 14. e5 Ne4 15. Nxe4
dxe4 16. Be2 Nf5 17. c4 Qe7 18. Ng4 Rd8 19. Qb2 h5 20. Nh2 Nxe3 21. fxe3 g4 22.
hxg4 hxg4 23. Bxg4 Qh4 24. Bh3 Qg3 25. Qf2 Qg6 26. Ng4 Ke7 27. Qf4 Rh4 28. Kf2
Rdh8 29. Rh1 R8h5 30. Ke2 Rg5 31. Rdf1 Rhxg4 32. Bxg4 Rxg4 33. Qf2 Rxg2 34.
Rfg1 Rxf2+ 35. Kxf2 Qf5+ 36. Ke1 Qf3 37. Kd2 Bh6 38. Re1 Bxe3+ 0-1

[Event "XXVIII Festival Conca della Presolana A"]
[Site "Bratto - Castione della Presolana ITA"]
[Date "2008.08.28"]
[Round "7"]
[White "Pagnoncelli, Marco"]
[Black "Pegoraro, Nicola"]
[Result "1/2-1/2"]
[WhiteElo "2126"]
[BlackElo "2021"]
[PlyCount "56"]
[EventDate "2008.08.22"]

1. e4 c5 2. Nf3 d6 3. d4 cxd4 4. Nxd4 Nf6 5. Nc3 a6 6. Bg5 e6 7. f4 Qb6 8. Nb3
h6 9. Bxf6 Qe3+ 10. Qe2 Qxe2+ 11. Bxe2 gxf6 12. a4 Nc6 13. a5 Bd7 14. Ra4 Be7
15. O-O Bd8 16. f5 Ke7 17. Rf4 Bc7 18. Rh4 Rag8 19. Kf1 Rd8 20. Rh5 Rdg8 21.
Nd1 Rg5 22. Ne3 Rxh5 23. Bxh5 Rg8 24. Be2 Ne5 25. Rb4 Rb8 26. g3 Nc6 27. Ra4
Ne5 28. Rb4 Nc6 1/2-1/2

[Event "XXVIII Festival Conca della Presolana A"]
[Site "Bratto - Castione della Presolana ITA"]
[Date "2008.08.28"]
[Round "7"]
[White "Parodi, Alessandro"]
[Black "D'Apa, Matteo"]
[Result "1-0"]
[WhiteElo "2053"]
[BlackElo "2095"]
[PlyCount "103"]
[EventDate "2008.08.22"]

1. d4 d5 2. c4 c6 3. Nc3 Nf6 4. Nf3 e6 5. cxd5 exd5 6. Bg5 Be7 7. Qc2 Nbd7 8.
e3 b6 9. Bd3 Bb7 10. O-O O-O 11. a3 c5 12. dxc5 bxc5 13. b4 d4 14. exd4 Bxf3
15. dxc5 Bb7 16. Rad1 Qc7 17. Bxh7+ Nxh7 18. Bxe7 Rfe8 19. Bd6 Qc6 20. f3 a6
21. Nd5 Nhf6 22. Ne7+ Rxe7 23. Bxe7 Ne8 24. Rf2 Ne5 25. Bd6 Ng6 26. a4 Rd8 27.
Bg3 Rxd1+ 28. Qxd1 Bc8 29. Rd2 a5 30. Rd8 axb4 31. Qd6 Qxa4 32. Rxc8 b3 33. Be1
b2 34. Qd3 Nf8 35. Rb8 Qa1 36. Kf2 Nf6 37. Bc3 Qa7 38. Rxb2 Qxc5+ 39. Qe3 Qf5
40. Bxf6 Qxf6 41. Rb8 Qd6 42. Re8 g6 43. Qe7 Qd2+ 44. Kg3 Qh6 45. h4 Qg7 46.
Kh3 f5 47. Qxg7+ Kxg7 48. Kg3 Kf7 49. Rxf8+ Kxf8 50. Kf4 Kg7 51. Kg5 Kh7 52. h5
1-0

[Event "XXVIII Festival Conca della Presolana A"]
[Site "Bratto - Castione della Presolana ITA"]
[Date "2008.08.28"]
[Round "7"]
[White "Podini, Francesco"]
[Black "Vinzoni, Andrea"]
[Result "0-1"]
[WhiteElo "2051"]
[BlackElo "2062"]
[PlyCount "64"]
[EventDate "2008.08.22"]

1. e4 e6 2. d4 d5 3. Nc3 Nf6 4. e5 Nfd7 5. Nce2 c5 6. c3 Nc6 7. f4 Qb6 8. Nf3
Be7 9. g3 cxd4 10. cxd4 O-O 11. Nc3 f6 12. Bh3 Kh8 13. Bxe6 Ndxe5 14. Nxe5 Bxe6
15. Nxc6 bxc6 16. O-O c5 17. Na4 Qc6 18. f5 Bd7 19. Nxc5 Bxc5 20. dxc5 Qxc5+
21. Kg2 d4 22. Rf4 Bc6+ 23. Kh3 Qd5 24. Qd2 Rfe8 25. Qf2 Rad8 26. a3 d3 27. Be3
Rxe3 28. Qxe3 Qg2+ 29. Kg4 h5+ 30. Kxh5 Qh3+ 31. Kg6 Qh7+ 32. Kf7 Qh5+ 0-1

[Event "XXVIII Festival Conca della Presolana A"]
[Site "Bratto - Castione della Presolana ITA"]
[Date "2008.08.28"]
[Round "7"]
[White "Qendro, Llambi"]
[Black "Gallucci, Alessio"]
[Result "1/2-1/2"]
[WhiteElo "2375"]
[BlackElo "2152"]
[PlyCount "33"]
[EventDate "2008.08.22"]

1. d4 Nf6 2. c4 e6 3. Nf3 b6 4. g3 Bb7 5. Bg2 Bb4+ 6. Bd2 Be7 7. Nc3 O-O 8. Qc2
Na6 9. O-O c5 10. dxc5 Nxc5 11. Bf4 d6 12. Rfd1 a6 13. Ne1 Bxg2 14. Nxg2 Qc7
15. Rd2 Rfd8 16. f3 Rac8 17. a4 1/2-1/2